| 000 | nam a22 7a 4500 | ||
|---|---|---|---|
| 999 |
_c4799 _d235303 |
||
| 080 | _a347.53 L 326 | ||
| 100 |
_4aut _aLarralde, Marcelo Miguel |
||
| 245 | _aDaños Punitivos. Sanciones con finalidd Preventiva. Su introducción en el Derecho argentino | ||
| 300 | _a71 P: | ||
| 500 | _aDirector de tesis: | ||
| 502 | _aTesis ( Especialización para la Magistratura judicial)--Universidad Nacional de Mar del Plata. Facultad de Derecho. Departamento de Posgrado, 2007. | ||
| 504 | _aTiene Bibliografía: P. 68 a 70 | ||
| 650 |
_2IEDCYT _adaños _adaños punitivos |
||
| 945 |
_acd _d2018-07-03 |
||